| 000 | 00493nam a2200205Ia 4500 | ||
|---|---|---|---|
| 001 | 15093 | ||
| 003 | GE_BSU | ||
| 008 | 181216s||||||||xx |||||||||||||| ||und|| | ||
| 040 | _cGE_BSU | ||
| 080 | _a519.1 | ||
| 100 | _aВиленкин, Н.Я. | ||
| 245 | _aКомбинаторика | ||
| 245 | _cРед.Д.В.Дорофеев | ||
| 260 | _aМосква | ||
| 260 | _bНаука | ||
| 260 | _c1969 | ||
| 300 | _a328стр.20см. | ||
| 653 | _aКомбинаторика | ||
| 942 | _cBK | ||
| 999 |
_c48211 _d48211 |
||